000 00242nam a22000857a 4500
008 160704b xxu||||| |||| 00| 0 eng d
100 _91937
_a NCERT
245 _aAnnotated Bibliography on Value Education in India
260 _aNew Delhi
_bNCERT
_c2002
999 _c1638
_d1638